000 00662nam a2200229Ia 4500
003 OSt
005 20220927104753.0
006 a|||||r|||| 00| 0
007 ta
008 220926b |||||||| |||| 00| 0 eng d
024 _a147899
037 _cReference Collections
040 _aRTL
_cRTL
_beng
041 _2eng
_aeng
082 _a"X9(J451):54.2,w,TB, K4/GD"
110 _a"INDIA, LOK SABHA, ESTIMATES (Committee)"
_9367203
245 0 _aReport 46
260 _c1964
700 _a"INDIA, LOK SABHA, ESTIMATES (Committee)"
_9367204
942 _h"X9(J451):54.2,w,TB, K4/GD"
_cCC
999 _c688600
_d688600